00513 2200169 4500245004600000020002200046250001100068100001900079650002300098005001900121260003700140041001400177084000800191500010000199490003500299336000900334 aTeknologi Volume 17cA. Ari DartoyohText a978-602-7706-17-0 aCet. 1 aA. Ari Dartoyo aEnsiklopedia Sains a20231108104908 aJakartabIndonesia Printerc2012 aIndonesia a503 aDaftar Isi : Aplikasi Sehari-hari, Penemuan Terobosan, Sains dan Kesehatan, Teknologi Mutakhir. aEnsiklopedia Sains Spektakuler atext